[Event "Da Qing U20 op-B"]
[Site "Da Qing"]
[Date "2019.01.24"]
[Round "9"]
[White "Xu, Yingming"]
[Black "Yang, Danning"]
[Result "0-1"]
[WhiteElo "1673"]
[BlackElo "1664"]
[PlyCount "94"]
[EventDate "2019.01.20"]
[EventType "swiss"]
[EventRounds "9"]
[EventCountry "CHN"]
[SourceTitle "CBM 188 Extra"]
[Source "ChessBase"]
[SourceDate "2019.02.26"]
[SourceVersion "1"]
[SourceVersionDate "2019.02.26"]
[SourceQuality "1"]

1. e4 e5 2. Nc3 Nf6 3. Bc4 Bc5 4. d3 Nc6 5. Bg5 Be7 6. Qd2 d6 7. Nge2 0-0 8. 0-0 Be6 9. Bb3 h6 10. Bh4 Nxe4 11. Bxe7 Nxd2 12. Bxd8 Nxb3 13. axb3 Rfxd8 14. f4 exf4 15. Nxf4 Nd4 16. Rf2 c6 17. Ra4 Nf5 18. Nxe6 fxe6 19. Re4 Re8 20. Ne2 c5 21. c3 Rad8 22. Nf4 e5 23. Nd5 Ne7 24. Nc7 Rf8 25. Rxf8+ Rxf8 26. d4 cxd4 27. cxd4 Rf4 28. Rxf4 exf4 29. Kf2 a6 30. Ne6 Nf5 31. Kf3 g5 32. Ke4 Ne7 33. Nd8 b6 34. h3 Kg7 35. Nb7 d5+ 36. Ke5 h5 37. Nd6 Kg6 38. Ne8 Nf5 39. Kxd5 Ne3+ 40. Ke4 Nxg2 41. Nc7 g4 42. hxg4 hxg4 43. Ne6 f3 44. Kd3 g3 45. d5 Kf6 46. Nd4 Nf4+ 47. Ke3 f2 0-1

[Event "Da Qing U20 op-B"]
[Site "Da Qing"]
[Date "2019.01.22"]
[Round "5"]
[White "Chernyshev, Semen1111"]
[Black "Yang, Danning"]
[Result "0-1"]
[WhiteElo "1535"]
[BlackElo "1664"]
[PlyCount "70"]
[EventDate "2019.01.20"]
[EventType "swiss"]
[EventRounds "9"]
[EventCountry "CHN"]
[SourceTitle "CBM 188 Extra"]
[Source "ChessBase"]
[SourceDate "2019.02.26"]
[SourceVersion "1"]
[SourceVersionDate "2019.02.26"]
[SourceQuality "1"]

1. d4 d5 2. c4 e6 3. Nc3 Nf6 4. Bg5 Be7 5. e3 0-0 6. Nf3 Nbd7 7. Qc2 b6 8. Be2 Bb7 9. 0-0 h6 10. Bh4 dxc4 11. Nd2 Nd5 12. Bxe7 Qxe7 13. Nxc4 Nxc3 14. Qxc3 c5 15. Rfd1 Rfd8 16. Rac1 Rac8 17. b3 Nf6 18. Qb2 cxd4 19. exd4 Nd5 20. Ne5 Nf4 21. Bf3 Bxf3 22. Nxf3 Rxc1 23. Rxc1 Nd3 24. Qd2 Nxc1 25. Qxc1 Qd6 26. h3 a5 27. Qc4 Qd7 28. Ne5 Qxd4 29. Qc7 Rf8 30. Nd7 Re8 31. Ne5 Qf4 32. Qd7 Rf8 33. Nc4 Qb8 34. Nd6 Rd8 35. Qxf7+ Kh8 0-1

[Event "Da Qing U20 op-B"]
[Site "Da Qing"]
[Date "2019.01.21"]
[Round "3"]
[White "Ang, Jing Xuan"]
[Black "Yang, Danning"]
[Result "1-0"]
[WhiteElo "1761"]
[BlackElo "1664"]
[PlyCount "129"]
[EventDate "2019.01.20"]
[EventType "swiss"]
[EventRounds "9"]
[EventCountry "CHN"]
[SourceTitle "CBM 188 Extra"]
[Source "ChessBase"]
[SourceDate "2019.02.26"]
[SourceVersion "1"]
[SourceVersionDate "2019.02.26"]
[SourceQuality "1"]

1. e4 e5 2. Nf3 Nc6 3. Bb5 a6 4. Ba4 Nf6 5. 0-0 Be7 6. Re1 b5 7. Bb3 d6 8. c3 0-0 9. h3 Na5 10. Bc2 c5 11. d4 Qc7 12. Nbd2 cxd4 13. cxd4 Nc6 14. d5 Nb4 15. Bb1 a5 16. Nf1 Bd7 17. Ng3 Rfc8 18. Be3 Nc2 19. Bxc2 Qxc2 20. Re2 Qxd1+ 21. Rxd1 b4 22. Ree1 Rc2 23. Rd2 Rac8 24. Red1 a4 25. Ne1 R2c4 26. f3 g6 27. Ne2 Kg7 28. Bb6 Rb8 29. Be3 Rbc8 30. Nd3 Bb5 31. Kf2 Rb8 32. Rc1 Bd8 33. b3 Rxc1 34. Nexc1 Rc8 35. bxa4 Bxa4 36. Rb2 Ba5 37. Nxb4 Nd7 38. Ncd3 Nb6 39. Bxb6 Bxb6+ 40. Ke2 Bd4 41. Rb1 f5 42. Rc1 Rxc1 43. Nxc1 Bb5+ 44. Ncd3 Kf6 45. g3 h5 46. Kd2 Kg5 47. Nc6 Bg1 48. f4+ exf4 49. gxf4+ Kh4 50. e5 Bc4 51. Ne7 Bb6 52. Kc3 Bxd3 53. Kxd3 Kxh3 54. Nxg6 h4 55. e6 Bd8 56. a4 Kg4 57. Nxh4 Bxh4 58. a5 Kxf4 59. a6 Ke5 60. a7 Kxd5 61. a8Q+ Kxe6 62. Qg8+ Ke5 63. Qe8+ Kf4 64. Qe6 Kg3 65. Qxf5 1-0